Z vystúpenia prezidenta Slovenskej republiky M. Kováča na besede, uskutočnenej pri príležitosti stretnutia prezidentov Českej republiky, Maďarskej republiky, Rakúskej republiky, Slovenskej republiky, Slovinskej republiky, Švajčiarskej konfederácie, Talianskej republiky a Lichtensteinského kniežatstva v rakúskom meste Alpbachu

Bibliographic Details
Main Author: Kováč, Michal (Author)
Format: Article
Language:Slovak
ISSN:1334-0641
Subjects:

MARC

LEADER 00000nab a2200000 a 4500
001 vtls000529380
003 SK-MaSNL
005 20260426071943.0
008 150205c1994 xo 0 slo
015 |a SNBRB19rr/mm-uuuuu 
035 |a CL0529518 
040 |a SNKBUCL  |b slo  |c SNKBUCL  |e AACR2 
041 0 |a slo 
044 |a xo  |c SK 
080 |a 327(4):339.923(4)  |2 1981 
080 |a 339.923(4)  |2 1981 
100 1 |a Kováč, Michal  |4 aut  |9 265919 
245 1 0 |a Z vystúpenia prezidenta Slovenskej republiky M. Kováča na besede, uskutočnenej pri príležitosti stretnutia prezidentov Českej republiky, Maďarskej republiky, Rakúskej republiky, Slovenskej republiky, Slovinskej republiky, Švajčiarskej konfederácie, Talianskej republiky a Lichtensteinského kniežatstva v rakúskom meste Alpbachu  |c Michal Kováč 
610 7 |a Európska únia  |2 snkbucl  |9 29861 
651 7 |a Slovensko  |2 snkbucl  |9 14231 
655 7 |a články z novín a časopisov  |2 snkbucl  |9 267496 
773 0 |t Dokumenty k zahraničnej politike Slovenskej republiky  |g Roč. 2, č. 3 (1994), s. 57-58  |x 1334-0641 
850 |a Slovenská národná knižnica v Martine  |a MTA001 
852 |a SNK  |b KIS3GCP 
958 |a RK 
992 |a RBX 
999 |c 2683713  |d 2685643